Business Ethics: Concepts and Cases 7/e
Kaydedildi:
| Yazar: | |
|---|---|
| Materyal Türü: | Kitap |
| Baskı/Yayın Bilgisi: |
Pearson
|
| Etiketler: |
Etiket eklenmemiş, İlk siz ekleyin!
|
MARC
| LEADER | 00000nam a2200000Ia 4500 | ||
|---|---|---|---|
| 005 | 20260513122051.0 | ||
| 020 | |a 9789332560093 | ||
| 100 | |a Velasquez | ||
| 365 | |c Rs. | ||
| 365 | |b 25.00 | ||
| 942 | |c BK | ||
| 245 | |a Business Ethics: Concepts and Cases 7/e | ||
| 260 | |b Pearson | ||
| 999 | |c 54 |d 54 | ||
| 952 | |0 0 |1 0 |4 0 |7 0 |a UNSW |b UNSW |d 2026-05-06 |g 855.00 |i 16681 |l 0 |p 000047 |r 2026-05-13 12:20:51 |v 855.00 |w 2026-05-13 |y BK | ||
| 952 | |0 0 |1 0 |4 0 |7 0 |a UNSW |b UNSW |d 2026-05-06 |g 855.00 |i 16687 |l 0 |p 000096 |r 2026-05-13 12:20:51 |v 855.00 |w 2026-05-13 |y BK | ||